[Event "DEM U12w 2024"]
[Site "Willingen GER"]
[Date "2024.05.22"]
[Round "6"]
[White "Margaryan, Mane"]
[Black "Fettan, Nua"]
[Result "1/2-1/2"]
[Termination "normal"]
[Board "12"]
[WhiteElo "1512"]
[BlackElo "1601"]
[WhiteClock "00:11:25"]
[BlackClock "00:03:18"]
[PlyCount "64"]
[WhiteFideId "16268237"]
[BlackFideId "34637362"]
[EventCountry "GER"]
[EventRounds "9"]
[EventType "swiss"]
[EventDate "2024.05.18"]

1. d4 {[%clk 01:30:59]} d5 {[%clk 01:30:52]} {[%emt 00:00:09]} 2. c4 {[%clk
01:31:25]} {[%emt 00:00:04]} e6 {[%clk 01:31:15]} {[%emt 00:00:06]} 3. cxd5
{[%clk 01:31:51]} {[%emt 00:00:04]} exd5 {[%clk 01:31:35]} {[%emt 00:00:10]} 4.
Nc3 {[%clk 01:32:13]} {[%emt 00:00:07]} c6 {[%clk 01:31:39]} {[%emt 00:00:26]}
5. Bf4 {[%clk 01:32:00]} {[%emt 00:00:42]} Bd6 {[%clk 01:31:54]} {[%emt
00:00:16]} 6. Bxd6 {[%clk 01:32:24]} {[%emt 00:00:06]} Qxd6 {[%clk 01:32:11]}
{[%emt 00:00:13]} 7. Nf3 {[%clk 01:32:26]} {[%emt 00:00:28]} Bf5 {[%clk
01:30:18]} {[%emt 00:02:23]} 8. e3 {[%clk 01:32:09]} {[%emt 00:00:47]} Nf6
{[%clk 01:29:15]} {[%emt 00:01:33]} 9. Bd3 {[%clk 01:30:26]} {[%emt 00:02:13]}
Bxd3 {[%clk 01:26:31]} {[%emt 00:03:14]} 10. Qxd3 {[%clk 01:30:49]} {[%emt
00:00:07]} O-O {[%clk 01:24:55]} {[%emt 00:02:07]} 11. O-O {[%clk 01:29:51]}
{[%emt 00:01:28]} Re8 {[%clk 01:23:45]} {[%emt 00:01:40]} 12. Ne5 {[%clk
01:21:06]} {[%emt 00:09:15]} Nbd7 {[%clk 01:14:38]} {[%emt 00:09:37]} 13. Nxd7
{[%clk 01:19:59]} {[%emt 00:01:37]} Qxd7 {[%clk 01:14:53]} {[%emt 00:00:15]}
14. Rac1 {[%clk 01:17:21]} {[%emt 00:03:07]} Re6 {[%clk 01:06:19]} {[%emt
00:09:05]} 15. Rfe1 {[%clk 01:13:57]} {[%emt 00:03:54]} Rae8 {[%clk 01:05:43]}
{[%emt 00:01:07]} 16. Ne2 {[%clk 01:08:50]} {[%emt 00:05:36]} Qe7 {[%clk
00:59:17]} {[%emt 00:06:57]} 17. Nf4 {[%clk 01:07:26]} {[%emt 00:01:54]} Rd6
{[%clk 00:53:23]} {[%emt 00:06:25]} 18. h3 {[%clk 00:56:31]} {[%emt 00:11:24]}
Rf8 {[%clk 00:39:30]} {[%emt 00:14:23]} 19. a3 {[%clk 00:49:29]} {[%emt
00:07:33]} Ne4 {[%clk 00:38:09]} {[%emt 00:01:51]} 20. f3 {[%clk 00:47:25]}
{[%emt 00:02:33]} Ng3 {[%clk 00:34:19]} {[%emt 00:04:21]} 21. e4 {[%clk
00:41:06]} {[%emt 00:06:46]} Qh4 {[%clk 00:30:58]} {[%emt 00:03:54]} 22. e5
{[%clk 00:33:53]} {[%emt 00:07:43]} Rh6 {[%clk 00:28:26]} {[%emt 00:03:02]} 23.
Qd2 {[%clk 00:28:09]} {[%emt 00:06:14]} g5 {[%clk 00:21:16]} {[%emt 00:07:39]}
24. Ne2 {[%clk 00:26:32]} {[%emt 00:02:08]} f5 {[%clk 00:18:52]} {[%emt
00:02:55]} 25. e6 {[%clk 00:23:36]} {[%emt 00:03:26]} Re8 {[%clk 00:13:05]}
{[%emt 00:06:17]} 26. e7 {[%clk 00:21:21]} {[%emt 00:02:45]} Kf7 {[%clk
00:11:40]} {[%emt 00:01:55]} 27. Nxg3 {[%clk 00:19:44]} {[%emt 00:02:07]} Qxg3
{[%clk 00:11:52]} {[%emt 00:00:18]} 28. Kh1 {[%clk 00:19:03]} {[%emt 00:01:10]}
Qh4 {[%clk 00:10:36]} {[%emt 00:01:47]} 29. Re5 {[%clk 00:16:41]} {[%emt
00:02:52]} Rf6 {[%clk 00:10:04]} {[%emt 00:01:01]} 30. Rf1 {[%clk 00:13:35]}
{[%emt 00:03:36]} b6 {[%clk 00:08:26]} {[%emt 00:02:10]} 31. Rfe1 {[%clk
00:11:57]} {[%emt 00:02:08]} f4 {[%clk 00:05:36]} {[%emt 00:03:21]} 32. Qe2
{[%clk 00:11:25]} {[%emt 00:01:01]} h5 {[%clk 00:03:18]} {[%emt 00:02:37]}
1/2-1/2

[Event "DEM U12w 2024"]
[Site "Willingen GER"]
[Date "2024.05.22"]
[Round "6"]
[White "Heidtkamp, Anna"]
[Black "Kübart, Ela Marie"]
[Result "1-0"]
[Termination "normal"]
[Board "13"]
[WhiteElo "1622"]
[BlackElo "1567"]
[WhiteClock "00:05:26"]
[BlackClock "00:00:36"]
[PlyCount "142"]
[WhiteFideId "16269012"]
[BlackFideId "34633723"]
[EventCountry "GER"]
[EventRounds "9"]
[EventType "swiss"]
[EventDate "2024.05.18"]

1. e4 {[%clk 01:30:59]} {[%emt 00:00:01]} e6 {[%clk 01:30:44]} {[%emt
00:00:17]} 2. d3 {[%clk 01:31:21]} {[%emt 00:00:07]} d5 {[%clk 01:30:33]}
{[%emt 00:00:40]} 3. Nd2 {[%clk 01:31:47]} {[%emt 00:00:05]} Bd6 {[%clk
01:26:53]} {[%emt 00:04:10]} 4. Ngf3 {[%clk 01:31:56]} {[%emt 00:00:21]} Nc6
{[%clk 01:25:35]} {[%emt 00:01:47]} 5. g3 {[%clk 01:32:15]} {[%emt 00:00:11]}
f5 {[%clk 01:22:13]} {[%emt 00:03:53]} 6. Bg2 {[%clk 01:20:42]} {[%emt
00:12:03]} Nf6 {[%clk 01:13:34]} {[%emt 00:09:08]} 7. exf5 {[%clk 01:17:07]}
{[%emt 00:04:06]} exf5 {[%clk 01:13:36]} {[%emt 00:00:27]} 8. O-O {[%clk
01:17:29]} {[%emt 00:00:09]} O-O {[%clk 01:12:40]} {[%emt 00:01:26]} 9. Nb3
{[%clk 01:12:42]} {[%emt 00:05:17]} Re8 {[%clk 01:08:38]} {[%emt 00:04:32]} 10.
Bg5 {[%clk 01:12:25]} {[%emt 00:00:46]} h6 {[%clk 01:08:18]} {[%emt 00:00:50]}
11. Be3 {[%clk 01:12:37]} {[%emt 00:00:18]} Be6 {[%clk 01:03:42]} {[%emt
00:05:07]} 12. Nbd4 {[%clk 01:10:21]} {[%emt 00:02:45]} Nxd4 {[%clk 01:01:56]}
{[%emt 00:02:17]} 13. Nxd4 {[%clk 01:10:01]} {[%emt 00:00:50]} Be5 {[%clk
00:56:57]} {[%emt 00:05:24]} 14. Nxe6 {[%clk 01:03:25]} {[%emt 00:07:11]} Rxe6
{[%clk 00:56:29]} {[%emt 00:00:58]} 15. d4 {[%clk 01:03:43]} {[%emt 00:00:12]}
Bd6 {[%clk 00:53:27]} {[%emt 00:03:32]} 16. Bh3 {[%clk 01:03:06]} {[%emt
00:01:07]} g6 {[%clk 00:52:00]} {[%emt 00:01:57]} 17. Bxh6 {[%clk 00:59:10]}
{[%emt 00:04:26]} Kf7 {[%clk 00:51:34]} {[%emt 00:00:56]} 18. Bg5 {[%clk
00:56:49]} {[%emt 00:02:51]} Qh8 {[%clk 00:49:55]} {[%emt 00:02:08]} 19. Bg2
{[%clk 00:51:11]} {[%emt 00:06:09]} Ne4 {[%clk 00:46:19]} {[%emt 00:04:06]} 20.
Bxe4 {[%clk 00:47:43]} {[%emt 00:03:58]} dxe4 {[%clk 00:42:15]} {[%emt
00:04:34]} 21. c3 {[%clk 00:46:06]} {[%emt 00:02:07]} Qh3 {[%clk 00:40:16]}
{[%emt 00:02:12]} 22. f4 {[%clk 00:37:41]} {[%emt 00:09:12]} Rh8 {[%clk
00:26:57]} {[%emt 00:13:49]} 23. Qe2 {[%clk 00:36:05]} {[%emt 00:02:06]} Rh5
{[%clk 00:21:47]} {[%emt 00:05:37]} 24. Qg2 {[%clk 00:34:04]} {[%emt 00:02:33]}
Qxg2+ {[%clk 00:16:10]} {[%emt 00:06:07]} 25. Kxg2 {[%clk 00:34:30]} {[%emt
00:00:05]} Be7 {[%clk 00:14:47]} {[%emt 00:01:53]} 26. Bxe7 {[%clk 00:34:09]}
{[%emt 00:00:50]} Kxe7 {[%clk 00:14:49]} {[%emt 00:00:29]} 27. Rae1 {[%clk
00:33:30]} {[%emt 00:01:09]} Ra6 {[%clk 00:11:08]} {[%emt 00:04:12]} 28. a3
{[%clk 00:33:09]} {[%emt 00:00:51]} Rb6 {[%clk 00:10:52]} {[%emt 00:00:45]} 29.
Re2 {[%clk 00:33:30]} {[%emt 00:00:10]} Rb3 {[%clk 00:08:29]} {[%emt 00:02:51]}
30. Rff2 {[%clk 00:33:13]} {[%emt 00:00:48]} Rh8 {[%clk 00:07:17]} {[%emt
00:01:41]} 31. g4 {[%clk 00:30:48]} {[%emt 00:02:55]} Rh4 {[%clk 00:06:23]}
{[%emt 00:01:25]} 32. gxf5 {[%clk 00:29:36]} {[%emt 00:01:42]} Rg4+ {[%clk
00:06:42]} {[%emt 00:00:08]} 33. Kh3 {[%clk 00:29:38]} {[%emt 00:00:31]} gxf5
{[%clk 00:07:05]} {[%emt 00:00:06]} 34. Rxe4+ {[%clk 00:29:22]} {[%emt
00:00:47]} fxe4 {[%clk 00:07:05]} {[%emt 00:00:30]} 35. Kxg4 {[%clk 00:29:46]}
{[%emt 00:00:05]} Rb6 {[%clk 00:06:09]} {[%emt 00:01:27]} 36. f5 {[%clk
00:28:24]} {[%emt 00:01:52]} Kf6 {[%clk 00:05:25]} {[%emt 00:01:14]} 37. Kf4
{[%clk 00:28:21]} {[%emt 00:00:32]} Rd6 {[%clk 00:04:48]} {[%emt 00:01:07]} 38.
Kxe4 {[%clk 00:28:06]} {[%emt 00:00:45]} Rd8 {[%clk 00:05:12]} {[%emt
00:00:07]} 39. Kd3 {[%clk 00:28:30]} {[%emt 00:00:06]} c5 {[%clk 00:05:25]}
{[%emt 00:00:17]} 40. b4 {[%clk 00:24:57]} {[%emt 00:04:03]} cxd4 {[%clk
00:05:20]} {[%emt 00:00:34]} 41. cxd4 {[%clk 00:25:22]} {[%emt 00:00:06]} Rh8
{[%clk 00:05:43]} {[%emt 00:00:07]} 42. Kc2 {[%clk 00:23:29]} {[%emt 00:02:24]}
Rh3 {[%clk 00:05:55]} {[%emt 00:00:17]} 43. a4 {[%clk 00:22:59]} {[%emt
00:01:00]} Ra3 {[%clk 00:06:08]} {[%emt 00:00:16]} 44. Kb2 {[%clk 00:18:27]}
{[%emt 00:05:04]} Rxa4 {[%clk 00:06:13]} {[%emt 00:00:25]} 45. Kb3 {[%clk
00:18:10]} {[%emt 00:00:46]} Ra6 {[%clk 00:06:35]} {[%emt 00:00:08]} 46. h4
{[%clk 00:11:35]} {[%emt 00:07:06]} Rd6 {[%clk 00:03:33]} {[%emt 00:03:31]} 47.
Rf4 {[%clk 00:06:00]} {[%emt 00:06:04]} Rc6 {[%clk 00:29:32]} {[%emt 00:04:31]}
48. Rf3 {[%clk 00:31:23]} {[%emt 00:05:08]} Rc7 {[%clk 00:27:42]} {[%emt
00:02:21]} 49. d5 {[%clk 00:30:19]} {[%emt 00:01:34]} b5 {[%clk 00:26:45]}
{[%emt 00:01:26]} 50. d6 {[%clk 00:13:53]} {[%emt 00:16:56]} Rd7 {[%clk
00:15:21]} {[%emt 00:11:54]} 51. Rd3 {[%clk 00:13:33]} {[%emt 00:00:49]} Kxf5
{[%clk 00:08:54]} {[%emt 00:06:58]} 52. h5 {[%clk 00:12:58]} {[%emt 00:01:05]}
Kf6 {[%clk 00:08:00]} {[%emt 00:01:23]} 53. Kc3 {[%clk 00:12:14]} {[%emt
00:01:15]} Kg7 {[%clk 00:05:21]} {[%emt 00:03:08]} 54. Kd2 {[%clk 00:12:15]}
{[%emt 00:00:30]} Kf6 {[%clk 00:02:55]} {[%emt 00:02:55]} 55. Ke2 {[%clk
00:11:24]} {[%emt 00:01:21]} Ke5 {[%clk 00:01:26]} {[%emt 00:01:59]} 56. Ke3
{[%clk 00:11:30]} {[%emt 00:00:24]} Ke6 {[%clk 00:01:34]} {[%emt 00:00:22]} 57.
Ke4 {[%clk 00:11:19]} {[%emt 00:00:42]} a6 {[%clk 00:01:10]} {[%emt 00:00:55]}
58. Kf4 {[%clk 00:10:47]} {[%emt 00:01:01]} Rf7+ {[%clk 00:01:20]} {[%emt
00:00:20]} 59. Ke4 {[%clk 00:09:42]} {[%emt 00:01:35]} Kd7 {[%clk 00:01:31]}
{[%emt 00:00:18]} 60. Ke5 {[%clk 00:09:18]} {[%emt 00:00:55]} Rh7 {[%clk
00:01:38]} {[%emt 00:00:22]} 61. Rd5 {[%clk 00:05:32]} {[%emt 00:04:17]} Rxh5+
{[%clk 00:01:39]} {[%emt 00:00:29]} 62. Kd4 {[%clk 00:05:56]} {[%emt 00:00:05]}
Rh4+ {[%clk 00:01:40]} {[%emt 00:00:30]} 63. Kc5 {[%clk 00:06:03]} {[%emt
00:00:22]} Rc4+ {[%clk 00:01:33]} {[%emt 00:00:38]} 64. Kb6 {[%clk 00:06:00]}
{[%emt 00:00:33]} Rc6+ {[%clk 00:01:25]} {[%emt 00:00:35]} 65. Kb7 {[%clk
00:04:44]} {[%emt 00:01:48]} Rxd6 {[%clk 00:00:47]} {[%emt 00:01:09]} 66. Rxd6
{[%clk 00:04:28]} {[%emt 00:00:46]} Kxd6 {[%clk 00:01:02]} {[%emt 00:00:15]}
67. Kxa6 {[%clk 00:04:37]} {[%emt 00:00:21]} Kc7 {[%clk 00:00:51]} {[%emt
00:00:40]} 68. Kxb5 {[%clk 00:04:31]} {[%emt 00:00:37]} Kb7 {[%clk 00:01:14]}
{[%emt 00:00:07]} 69. Ka5 {[%clk 00:04:45]} {[%emt 00:00:17]} Ka7 {[%clk
00:01:12]} {[%emt 00:00:31]} 70. b5 {[%clk 00:05:10]} {[%emt 00:00:05]} Kb7
{[%clk 00:00:36]} {[%emt 00:01:07]} 71. b6 {[%clk 00:05:26]} {[%emt 00:00:14]}
Kb8 {[%emt 00:00:35]} 1-0

[Event "DEM U12w 2024"]
[Site "Willingen GER"]
[Date "2024.05.22"]
[Round "6"]
[White "Baklan, Kira"]
[Black "Hladeniuk, Yelyzaveta"]
[Result "0-1"]
[Termination "normal"]
[Board "14"]
[WhiteElo "1264"]
[BlackElo "1646"]
[WhiteClock "00:59:59"]
[BlackClock "00:19:21"]
[PlyCount "136"]
[WhiteFideId "34186514"]
[BlackFideId "34176128"]
[EventCountry "GER"]
[EventRounds "9"]
[EventType "swiss"]
[EventDate "2024.05.18"]

1. e4 {[%clk 01:30:59]} c6 {[%clk 01:30:54]} {[%emt 00:00:06]} 2. Nf3 {[%clk
01:31:22]} {[%emt 00:00:07]} d5 {[%clk 01:31:13]} {[%emt 00:00:11]} 3. Nc3
{[%clk 01:31:44]} {[%emt 00:00:08]} dxe4 {[%clk 01:30:56]} {[%emt 00:00:47]} 4.
Nxe4 {[%clk 01:32:08]} {[%emt 00:00:06]} Bg4 {[%clk 01:30:55]} {[%emt
00:00:29]} 5. h3 {[%clk 01:32:13]} {[%emt 00:00:26]} Bh5 {[%clk 01:30:26]}
{[%emt 00:00:58]} 6. Bc4 {[%clk 01:30:03]} {[%emt 00:02:41]} e6 {[%clk
01:28:57]} {[%emt 00:01:59]} 7. O-O {[%clk 01:28:07]} Nf6 {[%clk 01:26:51]}
{[%emt 00:05:02]} 8. Qe2 {[%clk 01:23:03]} Nxe4 {[%clk 01:20:04]} {[%emt
00:12:52]} 9. Qxe4 {[%clk 01:23:24]} Bg6 {[%clk 01:14:31]} {[%emt 00:06:10]}
10. Qf4 {[%clk 01:20:52]} Bd6 {[%clk 01:09:11]} {[%emt 00:08:52]} 11. Qe3
{[%clk 01:20:52]} O-O {[%emt 00:08:55]} 12. d3 {[%clk 01:14:38]} a5 {[%clk
01:07:18]} {[%emt 00:01:12]} 13. a3 {[%clk 01:13:13]} {[%emt 00:01:57]} h6
{[%clk 01:01:16]} {[%emt 00:06:31]} 14. Bd2 {[%clk 01:08:33]} {[%emt 00:05:11]}
Na6 {[%clk 00:51:56]} {[%emt 00:09:51]} 15. Bc3 {[%clk 01:06:24]} {[%emt
00:02:38]} Be7 {[%clk 00:49:30]} {[%emt 00:02:54]} 16. Ne5 {[%clk 01:01:50]}
{[%emt 00:05:05]} Kh7 {[%clk 00:44:01]} {[%emt 00:05:56]} 17. Nxg6 {[%clk
01:02:01]} {[%emt 00:00:22]} fxg6 {[%clk 00:39:54]} {[%emt 00:04:38]} 18. Qxe6
{[%clk 01:01:53]} {[%emt 00:00:38]} Nc7 {[%clk 00:27:50]} {[%emt 00:12:31]} 19.
Qe4 {[%clk 00:59:48]} {[%emt 00:02:37]} Bf6 {[%clk 00:25:12]} {[%emt 00:03:05]}
20. Bxf6 {[%clk 00:56:57]} {[%emt 00:03:25]} Qxf6 {[%clk 00:25:17]} {[%emt
00:00:25]} 21. b3 {[%clk 00:55:50]} {[%emt 00:01:37]} b5 {[%clk 00:24:53]}
{[%emt 00:00:54]} 22. Bxb5 {[%clk 00:55:08]} {[%emt 00:01:11]} cxb5 {[%clk
00:25:12]} {[%emt 00:00:12]} 23. h4 {[%clk 00:53:46]} {[%emt 00:01:52]} Qe6
{[%clk 00:19:00]} {[%emt 00:06:37]} 24. Rfe1 {[%clk 00:53:42]} {[%emt
00:00:38]} Qf6 {[%clk 00:17:50]} {[%emt 00:01:29]} 25. Rf1 {[%clk 00:53:39]}
{[%emt 00:00:45]} Rfe8 {[%clk 00:16:44]} {[%emt 00:01:30]} 26. Qg4 {[%clk
00:53:53]} {[%emt 00:00:17]} Ne6 {[%clk 00:13:02]} {[%emt 00:04:13]} 27. h5
{[%clk 00:49:55]} {[%emt 00:04:32]} gxh5 {[%clk 00:13:01]} {[%emt 00:00:32]}
28. Qxh5 {[%clk 00:50:20]} {[%emt 00:00:03]} Qg5 {[%clk 00:11:46]} {[%emt
00:01:40]} 29. Qxg5 {[%clk 00:48:55]} {[%emt 00:02:00]} Nxg5 {[%clk 00:12:05]}
{[%emt 00:00:13]} 30. f4 {[%clk 00:49:17]} {[%emt 00:00:07]} Ne6 {[%clk
00:11:57]} {[%emt 00:00:36]} 31. f5 {[%clk 00:47:57]} {[%emt 00:01:52]} Nd4
{[%clk 00:12:09]} {[%emt 00:00:18]} 32. Rf2 {[%clk 00:48:17]} {[%emt 00:00:10]}
Rac8 {[%clk 00:10:44]} {[%emt 00:01:54]} 33. Rc1 {[%clk 00:48:33]} {[%emt
00:00:15]} Ne2+ {[%clk 00:11:07]} {[%emt 00:00:07]} 34. Rxe2 {[%clk 00:48:46]}
{[%emt 00:00:16]} Rxe2 {[%clk 00:11:33]} {[%emt 00:00:05]} 35. c4 {[%clk
00:49:11]} {[%emt 00:00:06]} Rd2 {[%clk 00:10:00]} {[%emt 00:02:01]} 36. b4
{[%clk 00:49:00]} {[%emt 00:00:43]} axb4 {[%clk 00:09:39]} {[%emt 00:00:51]}
37. axb4 {[%clk 00:49:24]} {[%emt 00:00:05]} Rxd3 {[%clk 00:09:55]} {[%emt
00:00:13]} 38. c5 {[%clk 00:49:49]} {[%emt 00:00:05]} Rb3 {[%clk 00:10:13]}
{[%emt 00:00:12]} 39. c6 {[%clk 00:50:14]} {[%emt 00:00:06]} Rxb4 {[%clk
00:10:34]} {[%emt 00:00:09]} 40. c7 {[%clk 00:50:40]} {[%emt 00:00:04]} Rc4
{[%clk 00:10:55]} {[%emt 00:00:09]} 41. Rb1 {[%clk 00:51:04]} {[%emt 00:00:07]}
b4 {[%clk 00:10:47]} {[%emt 00:00:38]} 42. g3 {[%clk 00:51:19]} {[%emt
00:00:14]} R8xc7 {[%clk 00:11:10]} {[%emt 00:00:07]} 43. Kf2 {[%clk 00:51:25]}
{[%emt 00:00:24]} Rb7 {[%clk 00:11:31]} {[%emt 00:00:10]} 44. Ke3 {[%clk
00:51:50]} {[%emt 00:00:05]} b3 {[%clk 00:11:54]} {[%emt 00:00:06]} 45. Kd3
{[%clk 00:52:14]} {[%emt 00:00:06]} Rc6 {[%clk 00:12:13]} {[%emt 00:00:11]} 46.
g4 {[%clk 00:52:38]} {[%emt 00:00:06]} b2 {[%clk 00:12:38]} {[%emt 00:00:05]}
47. Kd2 {[%clk 00:53:00]} {[%emt 00:00:09]} Rc1 {[%clk 00:12:56]} {[%emt
00:00:11]} 48. Rxc1 {[%clk 00:53:24]} {[%emt 00:00:07]} bxc1=Q+ {[%clk
00:13:16]} {[%emt 00:00:09]} 49. Kxc1 {[%clk 00:53:45]} {[%emt 00:00:08]} Rb4
{[%clk 00:13:41]} {[%emt 00:00:05]} 50. g5 {[%clk 00:54:07]} {[%emt 00:00:09]}
hxg5 {[%clk 00:14:04]} {[%emt 00:00:07]} 51. f6 {[%clk 00:54:35]} {[%emt
00:00:02]} gxf6 {[%clk 00:14:24]} {[%emt 00:00:10]} 52. Kd1 {[%clk 00:55:01]}
{[%emt 00:00:04]} f5 {[%clk 00:14:53]} {[%emt 00:00:01]} 53. Ke1 {[%clk
00:55:20]} {[%emt 00:00:11]} Rf4 {[%clk 00:15:17]} {[%emt 00:00:06]} 54. Ke2
{[%clk 00:55:35]} {[%emt 00:00:16]} g4 {[%clk 00:15:42]} {[%emt 00:00:05]} 55.
Ke3 {[%clk 00:55:59]} {[%emt 00:00:05]} g3 {[%clk 00:15:32]} {[%emt 00:00:40]}
56. Kxf4 {[%clk 00:56:24]} {[%emt 00:00:05]} g2 {[%clk 00:15:58]} {[%emt
00:00:03]} 57. Kxf5 {[%clk 00:56:45]} {[%emt 00:00:09]} g1=Q {[%clk 00:16:19]}
{[%emt 00:00:09]} 58. Kf6 {[%clk 00:57:09]} {[%emt 00:00:06]} Qg6+ {[%clk
00:16:12]} {[%emt 00:00:37]} 59. Ke5 {[%clk 00:57:34]} {[%emt 00:00:06]} Kg7
{[%clk 00:16:31]} {[%emt 00:00:11]} 60. Kf4 {[%clk 00:57:59]} {[%emt 00:00:05]}
Kf6 {[%clk 00:16:54]} {[%emt 00:00:07]} 61. Kf3 {[%clk 00:57:41]} {[%emt
00:00:48]} Kf5 {[%clk 00:17:02]} {[%emt 00:00:22]} 62. Kf2 {[%clk 00:58:06]}
{[%emt 00:00:05]} Qg4 {[%clk 00:17:14]} {[%emt 00:00:17]} 63. Kf1 {[%clk
00:58:31]} {[%emt 00:00:06]} Kf4 {[%clk 00:17:37]} {[%emt 00:00:07]} 64. Kf2
{[%clk 00:58:54]} {[%emt 00:00:06]} Qg3+ {[%clk 00:18:00]} {[%emt 00:00:08]}
65. Kf1 {[%clk 00:59:20]} {[%emt 00:00:04]} Qh2 {[%clk 00:18:19]} {[%emt
00:00:10]} 66. Ke1 {[%clk 00:59:44]} {[%emt 00:00:07]} Ke3 {[%clk 00:18:42]}
{[%emt 00:00:06]} 67. Kd1 {[%clk 00:59:58]} {[%emt 00:00:17]} Kd3 {[%clk
00:19:06]} {[%emt 00:00:06]} 68. Kc1 {[%clk 00:59:59]} {[%emt 00:00:30]} Qc2#
{[%clk 00:19:21]} {[%emt 00:00:14]} 0-1

[Event "DEM U12w 2024"]
[Site "Willingen GER"]
[Date "2024.05.22"]
[Round "6"]
[White "Bharathula, Akhila"]
[Black "Schille, Marlene"]
[Result "0-1"]
[Termination "normal"]
[Board "15"]
[WhiteElo "1420"]
[BlackElo "1228"]
[WhiteClock "00:43:47"]
[BlackClock "00:32:44"]
[PlyCount "76"]
[WhiteFideId "34641777"]
[BlackFideId "533000670"]
[EventCountry "GER"]
[EventRounds "9"]
[EventType "swiss"]
[EventDate "2024.05.18"]

1. e4 {[%clk 01:30:58]} {[%emt 00:00:02]} c5 {[%clk 01:30:54]} {[%emt
00:00:06]} 2. Nf3 {[%clk 01:31:22]} {[%emt 00:00:06]} Nc6 {[%clk 01:31:11]}
{[%emt 00:00:13]} 3. d4 {[%clk 01:31:39]} {[%emt 00:00:12]} cxd4 {[%clk
01:31:33]} {[%emt 00:00:08]} 4. Nxd4 {[%clk 01:32:03]} {[%emt 00:00:06]} Nf6
{[%clk 01:31:46]} {[%emt 00:00:17]} 5. Nc3 {[%clk 01:32:00]} {[%emt 00:00:34]}
e6 {[%clk 01:31:53]} {[%emt 00:00:23]} 6. f3 {[%clk 01:31:43]} {[%emt
00:00:47]} Bb4 {[%clk 01:31:23]} {[%emt 00:00:59]} 7. Be3 {[%clk 01:29:30]}
{[%emt 00:02:44]} Qe7 {[%clk 01:29:08]} {[%emt 00:02:45]} 8. Qd2 {[%clk
01:28:09]} {[%emt 00:01:51]} d5 {[%clk 01:27:49]} {[%emt 00:01:49]} 9. Nxc6
{[%clk 01:21:16]} {[%emt 00:07:23]} bxc6 {[%clk 01:27:26]} {[%emt 00:00:51]}
10. e5 {[%clk 01:17:21]} {[%emt 00:04:27]} Nd7 {[%clk 01:26:49]} {[%emt
00:01:07]} 11. a3 {[%clk 01:16:40]} {[%emt 00:01:12]} Ba5 {[%clk 01:27:02]}
{[%emt 00:00:15]} 12. b4 {[%clk 01:15:45]} {[%emt 00:01:25]} Bc7 {[%clk
01:23:47]} {[%emt 00:03:45]} 13. f4 {[%clk 01:12:03]} {[%emt 00:04:13]} a5
{[%clk 01:20:38]} {[%emt 00:03:39]} 14. b5 {[%clk 01:06:49]} {[%emt 00:05:44]}
c5 {[%clk 01:20:02]} {[%emt 00:01:07]} 15. Bf2 {[%clk 01:06:02]} {[%emt
00:01:16]} O-O {[%clk 01:18:34]} {[%emt 00:01:57]} 16. Be2 {[%clk 01:05:39]}
{[%emt 00:00:53]} a4 {[%clk 01:17:01]} {[%emt 00:02:04]} 17. O-O {[%clk
01:04:02]} {[%emt 00:02:06]} Ba5 {[%clk 01:17:06]} {[%emt 00:00:25]} 18. Qd3
{[%clk 01:02:54]} {[%emt 00:01:39]} Rb8 {[%clk 01:13:46]} {[%emt 00:03:50]} 19.
Nxa4 {[%clk 00:59:22]} {[%emt 00:04:01]} c4 {[%clk 01:13:17]} {[%emt 00:01:00]}
20. Qg3 {[%clk 00:59:21]} {[%emt 00:00:30]} Rxb5 {[%clk 01:12:57]} {[%emt
00:00:52]} 21. Rfb1 {[%clk 00:59:14]} {[%emt 00:00:36]} Rxb1+ {[%clk 01:11:45]}
{[%emt 00:01:42]} 22. Rxb1 {[%clk 00:59:37]} {[%emt 00:00:07]} Rd8 {[%clk
01:06:17]} {[%emt 00:05:58]} 23. Rb5 {[%clk 00:54:06]} {[%emt 00:06:00]} Bc7
{[%clk 01:05:03]} {[%emt 00:01:45]} 24. Nc5 {[%clk 00:51:07]} {[%emt 00:03:29]}
Bb6 {[%clk 00:57:46]} {[%emt 00:07:47]} 25. Nxd7 {[%clk 00:50:19]} Bxf2+ {[%clk
00:57:37]} {[%emt 00:01:57]} 26. Qxf2 Bxd7 {[%clk 00:57:23]} 27. Ra5 {[%clk
00:50:04]} {[%emt 00:00:42]} Rb8 {[%clk 00:56:00]} {[%emt 00:01:53]} 28. Ra7
{[%clk 00:47:20]} {[%emt 00:03:15]} Rb2 {[%clk 00:50:22]} {[%emt 00:06:08]} 29.
Bf1 {[%clk 00:47:11]} {[%emt 00:00:39]} Qd8 {[%clk 00:49:02]} {[%emt 00:01:50]}
30. Ra6 {[%clk 00:46:31]} {[%emt 00:01:10]} h6 {[%clk 00:41:17]} {[%emt
00:08:15]} 31. Qa7 {[%clk 00:45:27]} {[%emt 00:01:34]} Qc8 {[%clk 00:33:07]}
{[%emt 00:08:40]} 32. Rb6 {[%clk 00:44:49]} {[%emt 00:01:08]} Qc5+ {[%clk
00:32:18]} {[%emt 00:01:19]} 33. Kh1 {[%clk 00:43:40]} {[%emt 00:01:38]} Rxb6
{[%clk 00:32:35]} {[%emt 00:00:12]} 34. Qxd7 {[%clk 00:44:00]} {[%emt
00:00:11]} Qf2 {[%clk 00:31:29]} {[%emt 00:01:36]} 35. h3 {[%clk 00:44:02]}
{[%emt 00:00:26]} Qxf1+ {[%clk 00:31:38]} {[%emt 00:00:24]} 36. Kh2 {[%clk
00:44:28]} {[%emt 00:00:04]} Qxf4+ {[%clk 00:31:59]} {[%emt 00:00:09]} 37. g3
{[%clk 00:43:21]} {[%emt 00:01:37]} Qf2+ {[%clk 00:32:19]} {[%emt 00:00:10]}
38. Kh1 {[%clk 00:43:47]} {[%emt 00:00:04]} Rb1# {[%clk 00:32:44]} {[%emt
00:00:04]} 0-1